Statistics for Largest Cities In 'Rust Belt'

Click here to take the quiz!

General Stats

  • This quiz has been taken 39 times
  • The average score is 7 of 10

Answer Stats

PopAnswer% Correct
616710Detroit
100%
365367Cleveland
95%
941365Columbus
95%
302152Pittsburgh
87%
571939Milwaukee
85%
283461Buffalo
79%
265969Toledo
74%
280829Madison
49%
211556Rochester
49%
575133Baltimore
28%

Score Distribution

Percentile by Number Answered

Percent of People with Each Score

Your Score History

You have not taken this quiz